000 00371nam a2200145Ia 4500
008 210210b1977 xxu||||| |||| 00| 0 eng d
082 _a813.52 BRAR
100 _aBRAND (Max).
245 _aRider of the high hills.
260 _aNew York
_bWarner Books
_c1977
300 _a237
650 _aRider of the hills
690 _aAmerican English Fiction
906 _a037430
999 _c87938
_d87938